| 000 | 00379 a2200133 4500 | ||
|---|---|---|---|
| 003 | Nust | ||
| 005 | 20170207155607.0 | ||
| 040 | _cNust | ||
| 082 | _a799 | ||
| 245 | _aRank Maj Adil Masood in Comdt Office (Photograph 2013 Softcopy) | ||
| 260 |
_aRawalpindi _bMCS _c30-07-2013 |
||
| 610 | _aRank Maj Adil Masood in Comdt Office Photograph 2013(CD-No-23,Vol-III) | ||
| 650 | _aSweet Memories-MCS | ||
| 942 | _cBK | ||
| 999 |
_c201911 _d201911 |
||